000 00681nam a22002657a 4500
003 UA-OsUOA
001 24539
007 ta
008 20040220b un ||||| |||| 00| 0 ukr d
100 _aДорохина Е. Ю.
700 _aХаликов М. А.
090 _a330.1(075.8)
_bД69
942 _cBK
040 _aUA-OsUOA
_brus
_cUA-OsUOA
_dUA-OsUOA
245 _aМоделирование микроэкономики
300 _a224 с.
955 _a2
041 _arus
080 _a330.1(075.8)
020 _a5-94692-196-7
260 _aМосква
_bИздательство "Экзамен"
_c2003
044 _aRU
650 7 _2UDC
999 _c310816
_d310816